[Event "ESP-chT CECLUB Div1 Final Permanencia"]
[Site "Don Benito"]
[Date "2012.08.05"]
[Round "2.4"]
[White "Fernandez Romero, Ernesto"]
[Black "Coll Ortega, Jordi"]
[Result "1-0"]
[WhiteElo "2474"]
[BlackElo "2293"]
[PlyCount "89"]
[EventDate "2012.07.30"]
[EventType "team"]
[EventRounds "2"]
[EventCountry "ESP"]
[SourceTitle "CBM 149 Extra"]
[Source "ChessBase"]
[SourceDate "2012.08.24"]
[SourceVersion "1"]
[SourceVersionDate "2012.08.24"]
[SourceQuality "1"]
[WhiteTeam "Ciudad de Don Benito"]
[BlackTeam "Lleida"]
[WhiteTeamCountry "ESP"]
[BlackTeamCountry "ESP"]

1. e4 c5 2. Nf3 e6 3. d4 cxd4 4. Nxd4 Nc6 5. Nc3 Qc7 6. Be3 a6 7. Qf3 Nf6 8. 0-0-0 Bb4 9. Nxc6 bxc6 10. Bd4 Bd6 11. Na4 Be5 12. Bb6 Qb8 13. Bd3 0-0 14. b3 d6 15. Ba5 Nd7 16. Qe3 c5 17. f4 Bd4 18. Qe2 Bb7 19. e5 Bc6 20. c3 Bxa4 21. bxa4 Rc8 22. cxd4 cxd4+ 23. Kd2 dxe5 24. Ke1 Rc5 25. Bd2 Nf6 26. Kf2 exf4 27. Rb1 Qc7 28. Rhc1 e5 29. Be4 Re8 30. g3 g6 31. Kg2 h5 32. Qd3 Kg7 33. gxf4 exf4 34. Bf3 Rxc1 35. Rxc1 Qe5 36. Re1 Qg5+ 37. Kf1 Rd8 38. Qe2 Qh4 39. Qf2 Qh3+ 40. Kg1 g5 41. Re5 Kg6 42. Bg2 Qd3 43. h4 Ng4 44. Rxg5+ Kh6 45. Qxf4 1-0

[Event "ESP-chT CECLUB Div1 Final Permanencia"]
[Site "Don Benito"]
[Date "2012.08.04"]
[Round "1.4"]
[White "Coll Ortega, Jordi"]
[Black "Fernandez Romero, Ernesto"]
[Result "0-1"]
[WhiteElo "2293"]
[BlackElo "2474"]
[PlyCount "155"]
[EventDate "2012.07.30"]
[EventType "team"]
[EventRounds "2"]
[EventCountry "ESP"]
[SourceTitle "CBM 149 Extra"]
[Source "ChessBase"]
[SourceDate "2012.08.24"]
[SourceVersion "1"]
[SourceVersionDate "2012.08.24"]
[SourceQuality "1"]
[WhiteTeam "Lleida"]
[BlackTeam "Ciudad de Don Benito"]
[WhiteTeamCountry "ESP"]
[BlackTeamCountry "ESP"]

1. d4 Nf6 2. c4 b6 3. Nf3 Bb7 4. Nc3 e6 5. Bg5 Bb4 6. Qc2 h6 7. Bd2 0-0 8. e3 Bxc3 9. Bxc3 Ne4 10. Be2 d6 11. Rd1 Nd7 12. d5 Nxc3 13. Qxc3 e5 14. e4 Qe7 15. 0-0 g6 16. Qe3 Kg7 17. Rc1 a5 18. a3 a4 19. Bd1 Nc5 20. Rc3 Bc8 21. Bc2 Bd7 22. Ne1 Qg5 23. Qe2 h5 24. Nd3 Nxd3 25. Qxd3 h4 26. Qe3 Qxe3 27. Rxe3 Ra5 28. Rc3 Kf6 29. f3 Ke7 30. Kf2 f5 31. exf5 Bxf5 32. Bxf5 Rxf5 33. g3 Ra8 34. gxh4 Rh8 35. Rg1 Rxh4 36. Rxg6 Rxh2+ 37. Rg2 Rh1 38. Rg7+ Rf7 39. Rxf7+ Kxf7 40. Kg2 Rd1 41. Rc2 Kf6 42. Kf2 Rd3 43. Re2 Rb3 44. Kg2 Kf5 45. Kg3 Kg5 46. Kf2 Kf4 47. Re4+ Kf5 48. Re2 b5 49. cxb5 Rxb5 50. Rc2 Rxd5 51. Rxc7 Rd2+ 52. Kg3 Rxb2 53. Rf7+ Ke6 54. Ra7 d5 55. Rxa4 Rb3 56. Kg4 Rb6 57. Ra8 Rd6 58. Re8+ Kf6 59. f4 e4 60. f5 Ra6 61. Rd8 Ke5 62. Re8+ Kd4 63. a4 Rxa4 64. f6 Ra7 65. Re7 Ra8 66. f7 Rf8 67. Rd7 Ke3 68. Rxd5 Rxf7 69. Re5 Rf8 70. Re7 Rg8+ 71. Kh3 Kf3 72. Rf7+ Ke2 73. Ra7 e3 74. Rf7 Ke1 75. Ra7 e2 76. Rd7 Rg5 77. Kh4 Rf5 78. Rd2 0-1

[Event "Catalunya-chT"]
[Site "Catalunya"]
[Date "2012.03.24"]
[Round "9.6"]
[White "Alonso Moyano, Jonathan"]
[Black "Coll Ortega, Jordi"]
[Result "1-0"]
[WhiteElo "2396"]
[BlackElo "2302"]
[PlyCount "75"]
[EventDate "2012.01.28"]
[EventType "team-tourn"]
[EventRounds "11"]
[EventCountry "ESP"]
[SourceTitle "EXT 2013"]
[Source "ChessBase"]
[SourceDate "2012.11.22"]
[SourceVersion "1"]
[SourceVersionDate "2012.11.22"]
[SourceQuality "1"]
[WhiteTeam "Barbera"]
[BlackTeam "Lleida"]
[WhiteTeamCountry "ESP"]
[BlackTeamCountry "ESP"]

1. e4 c5 2. Nc3 a6 3. a4 Nc6 4. g3 g6 5. Bg2 Bg7 6. d3 d6 7. Be3 Nh6 8. h3 f5 9. Nf3 Nd4 10. Nd2 0-0 11. Nd5 e6 12. Nf4 Nf7 13. c3 Nc6 14. 0-0 Rb8 15. exf5 gxf5 16. Nh5 Ne7 17. Nxg7 Kxg7 18. d4 cxd4 19. Bxd4+ e5 20. Ba7 Ra8 21. Be3 Ng6 22. f4 Qe7 23. Nc4 Be6 24. Nb6 Rad8 25. c4 h6 26. Nd5 Bxd5 27. Qxd5 exf4 28. Bd4+ Kh7 29. gxf4 Qd7 30. Qxb7 Qxb7 31. Bxb7 Rb8 32. Bd5 Ne7 33. Bg2 Nd8 34. Rae1 Nec6 35. Bc3 Rg8 36. Kh2 Rc8 37. Bd5 Rg6 38. Re8 1-0

[Event "Catalunya-chT"]
[Site "Catalunya"]
[Date "2012.03.03"]
[Round "6.6"]
[White "Coll Ortega, Jordi"]
[Black "Iglesias, Jorge"]
[Result "0-1"]
[WhiteElo "2302"]
[BlackElo "2303"]
[PlyCount "68"]
[EventDate "2012.01.28"]
[EventType "team-tourn"]
[EventRounds "11"]
[EventCountry "ESP"]
[SourceTitle "EXT 2013"]
[Source "ChessBase"]
[SourceDate "2012.11.22"]
[SourceVersion "1"]
[SourceVersionDate "2012.11.22"]
[SourceQuality "1"]
[WhiteTeam "Lleida"]
[BlackTeam "Badalona Sant Josep"]
[WhiteTeamCountry "ESP"]
[BlackTeamCountry "ESP"]

1. d4 Nf6 2. c4 g6 3. Nf3 Bg7 4. g3 d6 5. Bg2 0-0 6. 0-0 c6 7. Nc3 Qb6 8. b3 Qa5 9. Qd2 Qh5 10. Qg5 Qxg5 11. Bxg5 Re8 12. Rad1 h6 13. Bc1 Nbd7 14. e4 e5 15. h3 a6 16. Ba3 Bf8 17. Ne1 b5 18. dxe5 dxe5 19. Bxf8 Kxf8 20. Nd3 bxc4 21. bxc4 a5 22. f4 Kg7 23. fxe5 Nxe5 24. Nxe5 Rxe5 25. Rd6 Be6 26. Rxc6 Rd8 27. Rb1 Rd3 28. Rb5 Nd7 29. Nd5 Rd1+ 30. Kh2 Rd2 31. Rb7 Bxh3 32. Nf4 Bxg2 33. Nxg2 Rh5+ 34. Kg1 Ne5 0-1

[Event "ESP-ch U18"]
[Site "Padron"]
[Date "2011.07.29"]
[Round "7"]
[White "Coll Ortega, Jordi"]
[Black "Meneses Gonzalez, Kevin Moises"]
[Result "1-0"]
[WhiteElo "2303"]
[BlackElo "2226"]
[PlyCount "59"]
[EventDate "2011.07.25"]
[EventType "tourn"]
[EventRounds "9"]
[EventCountry "ESP"]
[SourceTitle "EXT 2012"]
[Source "ChessBase"]
[SourceDate "2011.11.24"]
[SourceVersion "1"]
[SourceVersionDate "2011.11.24"]
[SourceQuality "1"]

1. e4 c5 2. Nf3 d6 3. d4 cxd4 4. Nxd4 Nf6 5. Nc3 Nc6 6. Bc4 e6 7. Be3 Be7 8. Qe2 a6 9. 0-0-0 Qc7 10. Bb3 b5 11. Rhg1 Bb7 12. g4 Nd7 13. Bxe6 fxe6 14. Nxe6 Qa5 15. Nxg7+ Kf7 16. Nf5 Nce5 17. Nxd6+ Bxd6 18. Rxd6 b4 19. Rxd7+ Nxd7 20. Qc4+ Ke7 21. Nd5+ Bxd5 22. exd5 Rae8 23. Qc6 Rhg8 24. Re1 Kd8 25. Qa8+ Kc7 26. Bf4+ Ne5 27. Bxe5+ Rxe5 28. Qc6+ Kb8 29. Rxe5 Qxa2 30. Re7 1-0

[Event "ESP-ch U18"]
[Site "Padron"]
[Date "2011.07.27"]
[Round "4"]
[White "Coll Ortega, Jordi"]
[Black "Cruz Lledo, Pablo"]
[Result "0-1"]
[WhiteElo "2303"]
[BlackElo "2269"]
[PlyCount "80"]
[EventDate "2011.07.25"]
[EventType "tourn"]
[EventRounds "9"]
[EventCountry "ESP"]
[SourceTitle "EXT 2012"]
[Source "ChessBase"]
[SourceDate "2011.11.24"]
[SourceVersion "1"]
[SourceVersionDate "2011.11.24"]
[SourceQuality "1"]

1. e4 c6 2. d4 d5 3. e5 Bf5 4. h4 h5 5. Bg5 Qb6 6. Bd3 Bxd3 7. Qxd3 e6 8. Nd2 Ne7 9. Ngf3 c5 10. dxc5 Qxc5 11. 0-0 Nbc6 12. c3 Ng6 13. Rfe1 Be7 14. b4 Qb6 15. Bxe7 Ngxe7 16. a4 Qc7 17. Nb3 Nf5 18. a5 a6 19. Nc5 Rd8 20. Qd2 Rh6 21. g3 Rg6 22. Nd3 Qe7 23. Nf4 Rh6 24. Rab1 Kf8 25. Nd4 Ncxd4 26. cxd4 Kg8 27. Qd1 Rc8 28. Qd3 Rc4 29. Nxd5 exd5 30. Qxf5 Rxd4 31. b5 Qe6 32. bxa6 Qxf5 33. axb7 Rd2 34. b8Q+ Kh7 35. Rf1 Rg6 36. Qb4 Re2 37. Rb2 Re4 38. Qe7 Qh3 39. Rb4 Rxg3+ 40. fxg3 Re2 0-1

[Event "Catalunya-ch U20"]
[Site "Vila Seca"]
[Date "2011.04.23"]
[Round "6"]
[White "Coll Ortega, Jordi"]
[Black "Palomo Teruel, Xavier"]
[Result "1-0"]
[WhiteElo "2283"]
[BlackElo "2052"]
[PlyCount "81"]
[EventDate "2011.04.20"]
[EventType "swiss"]
[EventRounds "8"]
[EventCountry "ESP"]
[SourceTitle "EXT 2012"]
[Source "ChessBase"]
[SourceDate "2011.11.24"]
[SourceVersion "1"]
[SourceVersionDate "2011.11.24"]
[SourceQuality "1"]

1. d4 Nf6 2. c4 e6 3. Nf3 c5 4. d5 b5 5. Bg5 Qa5+ 6. Qd2 Qxd2+ 7. Nbxd2 Bb7 8. dxe6 fxe6 9. cxb5 a6 10. e3 d5 11. bxa6 Bxa6 12. Bxa6 Nxa6 13. Ke2 Bd6 14. Rhd1 0-0 15. e4 Nxe4 16. Nxe4 dxe4 17. Rxd6 exf3+ 18. gxf3 Nb4 19. a3 Nc2 20. Rc1 Nd4+ 21. Kf1 Rfb8 22. Rxc5 e5 23. f4 Nf3 24. Rc2 h6 25. Be7 e4 26. Rd7 Nxh2+ 27. Kg2 Nf3 28. Re2 Ra4 29. Bb4 Nh4+ 30. Kh3 g5 31. fxg5 Nf3 32. Kg3 Nxg5 33. Rc2 Ra6 34. Rd6 Rxd6 35. Bxd6 Rb3+ 36. Kg4 Kf7 37. Bf4 Ne6 38. Bxh6 Nd4 39. Rc4 Ne6 40. Bc1 Rf3 41. Be3 1-0